Stereochemistry of Organic Compounds Principles and applications (Record no. 216549)

MARC details
000 -LEADER
fixed length control field 00520nam a2200193Ia 4500
008 - FIXED-LENGTH DATA ELEMENTS--GENERAL INFORMATION
fixed length control field 240823s9999||||xx |||||||||||||| ||und||
020 ## - INTERNATIONAL STANDARD BOOK NUMBER
International Standard Book Number 978-84-224-3029-5
082 ## - DEWEY DECIMAL CLASSIFICATION NUMBER
-- 547.1223 Q2
100 ## - MAIN ENTRY--PERSONAL NAME
Personal name Nasipuri D
245 #0 - TITLE STATEMENT
Title Stereochemistry of Organic Compounds Principles and applications
250 ## - EDITION STATEMENT
Edition statement 3rd
260 ## - PUBLICATION, DISTRIBUTION, ETC. (IMPRINT)
Date of publication, distribution, etc 2012
Name of publisher, distributor, etc New Age International (P
Place of publication, distribution, etc New Delhi
500 ## - GENERAL NOTE
General note TRANSFERED
650 ## - SUBJECT ADDED ENTRY--TOPICAL TERM
Topical term or geographic name as entry element stereochemistry
942 ## - ADDED ENTRY ELEMENTS (KOHA)
Item type Books
Holdings
Withdrawn status Lost status Damaged status Permanent location Current location Shelving location Date acquired Cost, normal purchase price Full call number Barcode Date last seen Koha item type
      CENTRAL LIBRARY, NOORUL ISLAM CENTRE FOR HIGHER EDUCATION CENTRAL LIBRARY, NOORUL ISLAM CENTRE FOR HIGHER EDUCATION Chemistry 12/10/2013 295.00 547.1223 Q2 66155 08/23/2024 Books
Visitors:
Copyright © 2024 Central Library NICHE.  All rights reserved.